<?xml version="1.0" encoding="UTF-8"?><?xml-stylesheet type="text/xsl" href="static/style.xsl"?><OAI-PMH xmlns="http://www.openarchives.org/OAI/2.0/" xmlns:xsi="http://www.w3.org/2001/XMLSchema-instance" xsi:schemaLocation="http://www.openarchives.org/OAI/2.0/ http://www.openarchives.org/OAI/2.0/OAI-PMH.xsd"><responseDate>2026-04-28T12:23:57Z</responseDate><request verb="GetRecord" identifier="oai:uvadoc.uva.es:10324/3733" metadataPrefix="marc">https://uvadoc.uva.es/oai/request</request><GetRecord><record><header><identifier>oai:uvadoc.uva.es:10324/3733</identifier><datestamp>2021-06-23T11:43:04Z</datestamp><setSpec>com_10324_1181</setSpec><setSpec>com_10324_931</setSpec><setSpec>com_10324_894</setSpec><setSpec>col_10324_1387</setSpec></header><metadata><record xmlns="http://www.loc.gov/MARC21/slim" xmlns:doc="http://www.lyncode.com/xoai" xmlns:xsi="http://www.w3.org/2001/XMLSchema-instance" xmlns:dcterms="http://purl.org/dc/terms/" xsi:schemaLocation="http://www.loc.gov/MARC21/slim http://www.loc.gov/standards/marcxml/schema/MARC21slim.xsd">
<leader>00925njm 22002777a 4500</leader>
<datafield tag="042" ind1=" " ind2=" ">
<subfield code="a">dc</subfield>
</datafield>
<datafield tag="720" ind1=" " ind2=" ">
<subfield code="a">León, Alberto José</subfield>
<subfield code="e">author</subfield>
</datafield>
<datafield tag="720" ind1=" " ind2=" ">
<subfield code="a">Garrote Adrados, José Antonio</subfield>
<subfield code="e">author</subfield>
</datafield>
<datafield tag="720" ind1=" " ind2=" ">
<subfield code="a">Arranz Sanz, Eduardo</subfield>
<subfield code="e">author</subfield>
</datafield>
<datafield tag="260" ind1=" " ind2=" ">
<subfield code="c">2005</subfield>
</datafield>
<datafield tag="520" ind1=" " ind2=" ">
<subfield code="a">La Enfermedad celíaca se manifiesta por una enteropatía causada por la intolerancia al gluten, una familia de las proteinas presente en el trigo y otros cereales. Tras la activación de los linfocitos T del intestino delgado en individuos predispuestos, se ponen en marcha mecanismos inflamatorios regulados por el balance entre citocinas inflamatorias de perfil Th1, como el interferón gamma (IFNy), el factor de necrosis tumoral alfa (TNFa), la interleucina (IL)-15 e IL-18 y otras reguladoras como el factor transformados del crecimiento beta (TGFb) e IL-10. Estas citocinas, además de incrementar el número de células del sistema inmunitario en la mucosa intestinal y el grado de activación, regulan la actividad de los factores de crecimiento epitelial y de las metaproteinasas, moléculas encargadas de mantener y renovar la estructura de la mucosa, que en situaciones de inflamación provocan la lesión intestinal que conduce al síndrome de malabsorción.</subfield>
</datafield>
<datafield tag="024" ind2=" " ind1="8">
<subfield code="a">Medicina Clínica, vol.125, n. 13. p. 508-516</subfield>
</datafield>
<datafield tag="024" ind2=" " ind1="8">
<subfield code="a">0025-7753</subfield>
</datafield>
<datafield tag="024" ind2=" " ind1="8">
<subfield code="a">http://uvadoc.uva.es/handle/10324/3733</subfield>
</datafield>
<datafield tag="024" ind2=" " ind1="8">
<subfield code="a">508-516</subfield>
</datafield>
<datafield tag="024" ind2=" " ind1="8">
<subfield code="a">13</subfield>
</datafield>
<datafield tag="024" ind2=" " ind1="8">
<subfield code="a">516</subfield>
</datafield>
<datafield tag="024" ind2=" " ind1="8">
<subfield code="a">Medicina clínica</subfield>
</datafield>
<datafield tag="024" ind2=" " ind1="8">
<subfield code="a">125</subfield>
</datafield>
<datafield ind1=" " ind2=" " tag="653">
<subfield code="a">Enfermedad celíaca</subfield>
</datafield>
<datafield ind1=" " ind2=" " tag="653">
<subfield code="a">Intestinos - Inflamación</subfield>
</datafield>
<datafield tag="245" ind1="0" ind2="0">
<subfield code="a">Citocinas en la patogenia de la Enfermedad Celíaca</subfield>
</datafield>
</record></metadata></record></GetRecord></OAI-PMH>